En busca del tiempo perdido cubano – acercamientos a la historia en el cine de Pavel Giroud

Elmentve itt :
Bibliográfiai részletek
Szerző: Lénárt András
Dokumentumtípus: Cikk
Megjelent: 2020
Sorozat:FILMHISTORIA ONLINE 30 No. 1
mtmt:31382612
Online Access:http://publicatio.bibl.u-szeged.hu/19243
LEADER 00639nab a2200181 i 4500
001 publ19243
005 20200727111359.0
008 200727s2020 hu o 0|| Spanyol d
022 |a 2014-668X 
024 7 |a 31382612  |2 mtmt 
040 |a SZTE Publicatio Repozitórium  |b hun 
041 |a Spanyol 
100 1 |a Lénárt András 
245 1 0 |a En busca del tiempo perdido cubano – acercamientos a la historia en el cine de Pavel Giroud  |h [elektronikus dokumentum] /  |c  Lénárt András 
260 |c 2020 
300 |a 7-18 
490 0 |a FILMHISTORIA ONLINE  |v 30 No. 1 
856 4 0 |u http://publicatio.bibl.u-szeged.hu/19243/7/31382612.pdf  |z Dokumentum-elérés